00921nam a22002657a 450000500170000001000130001702000190003003500130004903700160006204000120007808200170009010000250010724500680013224600060020026000480020627000530025430000200030749000360032750000410036365000290040465000310043394200260046499900190049095201460050920170124105920.0 aA-705461 c00a8121003326 aA-705461 bCen Lib/Ret aDPLbEN a307.772bMAH aMahanti, Neeti94226 aTribal issues :cby Neeti Mahanti ba noncoventional approach / b  bInter India Publications c1994aNew Delhi  bNew Delhi aD-17, raja garden extension e110015 a128p.c21cm(Hb) aTribal studies of india series  aIncludes bibliographical references  aSocial Conditions 91609 aEconomic Conditions 94227 2ddccENh307.772mMAH c123119d123119 04104070aLbLd2015-06-02eCen Lib/Retg0.00l0o307.772 MAHpA-705461r2015-06-02 00:00:00t1v0.00w2015-06-02yENzW/d list no. 6841/11